[Event "U20 Polish Youth Championship"]
[Site "Ustron"]
[Date "2019.11.30"]
[Round "9"]
[White "Kozak, Antoni"]
[Black "Zylka, Stanislaw"]
[Result "1-0"]
[Board "1"]
[WhiteElo "2350"]
[WhiteCountry "POL"]
[WhiteFideId "21832030"]
[WhiteEloChange "10"]
[BlackElo "2333"]
[BlackTitle "FM"]
[BlackCountry "POL"]
[BlackFideId "1189654"]
[BlackEloChange "-10"]

1. c4 {[%clk 1:30:59]} e5 {[%clk 1:30:54]} 2. Nc3 {[%clk 1:31:24]} Nf6 {[%clk
1:31:18]} 3. g3 {[%clk 1:31:50]} Bb4 {[%clk 1:31:32]} 4. Bg2 {[%clk 1:32:16]} O-O
{[%clk 1:31:40]} 5. e4 {[%clk 1:30:28]} Bxc3 {[%clk 1:31:55]} 6. bxc3 {[%clk
1:30:53]} c6 {[%clk 1:31:58]} 7. Ne2 {[%clk 1:28:15]} d5 {[%clk 1:32:20]} 8. cxd5
{[%clk 1:28:22]} cxd5 {[%clk 1:32:42]} 9. exd5 {[%clk 1:28:50]} Nxd5 {[%clk
1:33:01]} 10. O-O {[%clk 1:19:30]} Nc6 {[%clk 1:33:11]} 11. Rb1 {[%clk 1:10:55]}
Re8 {[%clk 1:31:33]} 12. Qc2 {[%clk 1:08:00]} Nb6 {[%clk 1:29:49]} 13. c4 {[%clk
1:03:30]} Bg4 {[%clk 1:28:17]} 14. d3 {[%clk 1:02:50]} Qd7 {[%clk 1:26:21]} 15.
Be3 {[%clk 1:00:33]} Nc8 {[%clk 1:05:23]} 16. Nc3 {[%clk 0:54:32]} N8e7 {[%clk
1:04:21]} 17. Ne4 {[%clk 0:43:16]} b6 {[%clk 0:59:46]} 18. c5 {[%clk 0:43:28]}
Nf5 {[%clk 0:58:58]} 19. cxb6 {[%clk 0:40:16]} Nfd4 {[%clk 0:59:00]} 20. Bxd4
{[%clk 0:38:00]} Nxd4 {[%clk 0:59:22]} 21. Qc7 {[%clk 0:38:28]} axb6 {[%clk
0:59:21]} 22. Qxd7 {[%clk 0:38:50]} Bxd7 {[%clk 0:59:40]} 23. Nd6 {[%clk
0:39:13]} Re6 {[%clk 0:22:32]} 24. Rxb6 {[%clk 0:30:20]} Bc6 {[%clk 0:17:56]} 25.
Bxc6 {[%clk 0:30:15]} Rxd6 {[%clk 0:18:18]} 26. Bxa8 {[%clk 0:30:37]} Rxb6 {[%clk
0:18:43]} 27. Bd5 {[%clk 0:31:00]} Kf8 {[%clk 0:14:16]} 28. Ra1 {[%clk 0:28:08]}
Nc2 {[%clk 0:03:45]} 29. Rc1 {[%clk 0:28:23]} Nb4 {[%clk 0:03:39]} 30. Rc8+
{[%clk 0:28:10]} Ke7 {[%clk 0:04:04]} 31. Bc4 {[%clk 0:28:39]} Rb7 {[%clk
0:01:58]} 32. a3 {[%clk 0:27:15]} Nc2 {[%clk 0:02:22]} 33. Ra8 {[%clk 0:27:41]}
Kd6 {[%clk 0:01:55]} 34. a4 {[%clk 0:27:19]} g5 {[%clk 0:01:07]} 35. g4 {[%clk
0:27:04]} Kc5 {[%clk 0:00:56]} 36. a5 {[%clk 0:27:00]} e4 {[%clk 0:01:05]} 37. a6
{[%clk 0:23:12]} Rb1+ {[%clk 0:01:28]} 38. Kg2 {[%clk 0:23:40]} exd3 {[%clk
0:00:51]} 39. Rc8+ {[%clk 0:23:25]} Kd4 {[%clk 0:01:20]} 40. Bxd3 {[%clk
0:51:28]} Ne1+ {[%clk 0:31:10]} 41. Kg3 {[%clk 0:48:09]} Ra1 {[%clk 0:14:28]} 42.
Rd8+ {[%clk 0:48:35]} Ke5 {[%clk 0:11:16]} 43. Re8+ {[%clk 0:46:00]} Kd4 {[%clk
0:11:06]} 44. Bb1 {[%clk 0:45:23]} Rxb1 {[%clk 0:03:19]} 45. a7 {[%clk 0:45:50]}
Rb3+ {[%clk 0:03:28]} 46. Re3 {[%clk 0:46:17]} 1-0

[Event "U20 Polish Youth Championship"]
[Site "Ustron"]
[Date "2019.11.30"]
[Round "9"]
[White "Teclaf, Pawel"]
[Black "Tomczak, Mikolaj"]
[Result "1-0"]
[Board "2"]
[WhiteElo "2427"]
[WhiteTitle "IM"]
[WhiteCountry "POL"]
[WhiteFideId "1185934"]
[WhiteEloChange "5"]
[BlackElo "2437"]
[BlackTitle "FM"]
[BlackCountry "POL"]
[BlackFideId "1175114"]
[BlackEloChange "-5"]

1. e4 {[%clk 1:30:58]} c5 {[%clk 1:30:57]} 2. Nf3 {[%clk 1:31:23]} d6 {[%clk
1:31:24]} 3. d4 {[%clk 1:31:50]} cxd4 {[%clk 1:31:52]} 4. Nxd4 {[%clk 1:32:16]}
Nf6 {[%clk 1:32:17]} 5. Nc3 {[%clk 1:32:43]} a6 {[%clk 1:32:44]} 6. Be3 {[%clk
1:31:17]} e6 {[%clk 1:33:07]} 7. f3 {[%clk 1:31:04]} h5 {[%clk 1:33:31]} 8. Qd2
{[%clk 1:28:07]} Be7 {[%clk 1:33:46]} 9. O-O-O {[%clk 1:14:35]} b5 {[%clk
1:33:45]} 10. Bd3 {[%clk 1:10:06]} Bd7 {[%clk 1:32:41]} 11. Qf2 {[%clk 1:07:53]}
b4 {[%clk 1:21:34]} 12. Nce2 {[%clk 1:07:10]} g6 {[%clk 1:18:55]} 13. f4 {[%clk
1:01:36]} Ng4 {[%clk 1:16:20]} 14. Qg1 {[%clk 1:01:41]} Nxe3 {[%clk 1:08:10]} 15.
Qxe3 {[%clk 1:02:09]} Qb6 {[%clk 1:07:49]} 16. Qd2 {[%clk 1:00:17]} Nc6 {[%clk
1:03:26]} 17. Nf3 {[%clk 0:56:59]} Rc8 {[%clk 0:59:20]} 18. Kb1 {[%clk 0:51:44]}
Na5 {[%clk 0:57:37]} 19. f5 {[%clk 0:48:31]} gxf5 {[%clk 0:56:23]} 20. exf5
{[%clk 0:47:51]} e5 {[%clk 0:56:21]} 21. Rhf1 {[%clk 0:38:01]} f6 {[%clk
0:42:36]} 22. Nh4 {[%clk 0:36:10]} Bc6 {[%clk 0:37:25]} 23. Ng6 {[%clk 0:31:54]}
Rh7 {[%clk 0:37:27]} 24. Ng3 {[%clk 0:30:26]} h4 {[%clk 0:34:14]} 25. Ne4 {[%clk
0:29:34]} Bb7 {[%clk 0:22:53]} 26. Ng5 {[%clk 0:25:26]} Rh5 {[%clk 0:21:58]} 27.
Ne6 {[%clk 0:24:33]} Rh7 {[%clk 0:22:05]} 28. Ng5 {[%clk 0:22:09]} Rh5 {[%clk
0:21:47]} 29. Ne6 {[%clk 0:22:13]} Rh7 {[%clk 0:22:13]} 30. Qe2 {[%clk 0:21:45]}
d5 {[%clk 0:22:10]} 31. Nxe5 {[%clk 0:19:10]} fxe5 {[%clk 0:22:18]} 32. f6 {[%clk
0:19:05]} Rf7 {[%clk 0:17:23]} 33. Qxe5 {[%clk 0:17:46]} Qd6 {[%clk 0:11:44]} 34.
Qh5 {[%clk 0:17:58]} 1-0

[Event "U20 Polish Youth Championship"]
[Site "Ustron"]
[Date "2019.11.30"]
[Round "9"]
[White "Mis, Mieszko"]
[Black "Pacan-Milej, Kosma"]
[Result "1-0"]
[Board "3"]
[WhiteElo "2328"]
[WhiteTitle "FM"]
[WhiteCountry "POL"]
[WhiteFideId "1196448"]
[WhiteEloChange "10"]
[BlackElo "2315"]
[BlackTitle "FM"]
[BlackCountry "POL"]
[BlackFideId "21800537"]
[BlackEloChange "-10"]

1. d4 {[%clk 1:30:54]} Nf6 {[%clk 1:30:51]} 2. c4 {[%clk 1:31:12]} e6 {[%clk
1:31:16]} 3. Nf3 {[%clk 1:28:36]} d5 {[%clk 1:31:33]} 4. Nc3 {[%clk 1:27:05]} a6
{[%clk 1:31:48]} 5. cxd5 {[%clk 1:24:53]} exd5 {[%clk 1:32:11]} 6. Bg5 {[%clk
1:24:48]} Be6 {[%clk 1:27:41]} 7. e3 {[%clk 1:23:17]} Nbd7 {[%clk 1:24:19]} 8.
Bd3 {[%clk 1:22:23]} Bd6 {[%clk 1:16:58]} 9. O-O {[%clk 1:21:47]} c6 {[%clk
1:16:21]} 10. h3 {[%clk 1:08:52]} Qc7 {[%clk 1:10:18]} 11. Qd2 {[%clk 1:09:05]}
h6 {[%clk 1:07:22]} 12. Bf4 {[%clk 1:09:20]} O-O {[%clk 1:06:08]} 13. Rac1 {[%clk
1:05:29]} Nh5 {[%clk 0:57:45]} 14. Bxd6 {[%clk 1:05:18]} Qxd6 {[%clk 0:58:11]}
15. Na4 {[%clk 1:05:29]} Nhf6 {[%clk 0:55:49]} 16. Nc5 {[%clk 1:03:32]} Nxc5
{[%clk 0:54:10]} 17. dxc5 {[%clk 1:02:29]} Qd7 {[%clk 0:54:32]} 18. Nd4 {[%clk
0:59:33]} Ne4 {[%clk 0:51:33]} 19. Bxe4 {[%clk 0:47:49]} dxe4 {[%clk 0:51:59]}
20. Rfd1 {[%clk 0:47:56]} Rad8 {[%clk 0:49:35]} 21. Qb4 {[%clk 0:37:07]} Bxh3
{[%clk 0:28:17]} 22. gxh3 {[%clk 0:36:08]} Qxh3 {[%clk 0:28:41]} 23. Qe1 {[%clk
0:34:57]} Rd5 {[%clk 0:19:26]} 24. Ne2 {[%clk 0:34:34]} Rg5+ {[%clk 0:15:50]} 25.
Ng3 {[%clk 0:35:01]} h5 {[%clk 0:16:06]} 26. Qf1 {[%clk 0:34:49]} Qg4 {[%clk
0:11:55]} 27. Kh2 {[%clk 0:32:44]} Qf3 {[%clk 0:05:26]} 28. Rd2 {[%clk 0:25:56]}
Re8 {[%clk 0:05:41]} 29. Qh1 {[%clk 0:19:37]} Qg4 {[%clk 0:04:43]} 30. Qd1 {[%clk
0:15:59]} Qh4+ {[%clk 0:03:57]} 31. Kg2 {[%clk 0:16:27]} f5 {[%clk 0:03:40]} 32.
Qb3+ {[%clk 0:15:48]} Kh7 {[%clk 0:04:11]} 33. Rh1 {[%clk 0:15:02]} Qg4 {[%clk
0:04:12]} 34. Qf7 {[%clk 0:15:18]} 1-0

[Event "U20 Polish Youth Championship"]
[Site "Ustron"]
[Date "2019.11.30"]
[Round "9"]
[White "Fus, Jakub"]
[Black "Baum, Jonasz"]
[Result "1-0"]
[Board "4"]
[WhiteElo "2363"]
[WhiteTitle "FM"]
[WhiteCountry "POL"]
[WhiteFideId "1193023"]
[WhiteEloChange "9"]
[BlackElo "2341"]
[BlackTitle "FM"]
[BlackCountry "POL"]
[BlackFideId "1195360"]
[BlackEloChange "-9"]

1. d4 {[%clk 1:30:51]} Nf6 {[%clk 1:30:56]} 2. c4 {[%clk 1:30:59]} e6 {[%clk
1:31:22]} 3. Nf3 {[%clk 1:31:12]} d5 {[%clk 1:28:36]} 4. Nc3 {[%clk 1:31:15]}
Nbd7 {[%clk 1:29:01]} 5. Bf4 {[%clk 1:28:44]} dxc4 {[%clk 1:17:34]} 6. e3 {[%clk
1:28:05]} Nd5 {[%clk 1:13:21]} 7. Bxc4 {[%clk 1:28:09]} Nxf4 {[%clk 1:12:36]} 8.
exf4 {[%clk 1:28:26]} Bd6 {[%clk 1:10:34]} 9. Qd2 {[%clk 1:26:07]} Nf6 {[%clk
1:04:08]} 10. O-O {[%clk 1:25:15]} O-O {[%clk 1:02:39]} 11. Rad1 {[%clk 1:15:38]}
b6 {[%clk 1:00:42]} 12. Ne5 {[%clk 1:15:13]} Bb7 {[%clk 1:00:57]} 13. Rfe1 {[%clk
1:15:19]} Nd5 {[%clk 0:51:42]} 14. Nxd5 {[%clk 0:59:30]} Bxd5 {[%clk 0:44:36]}
15. Qc2 {[%clk 0:44:13]} Bb7 {[%clk 0:26:43]} 16. Re3 {[%clk 0:37:13]} h6 {[%clk
0:21:53]} 17. Bb5 {[%clk 0:34:26]} Qf6 {[%clk 0:18:50]} 18. g3 {[%clk 0:31:31]}
Rfd8 {[%clk 0:14:59]} 19. Bc6 {[%clk 0:30:00]} Bxc6 {[%clk 0:14:54]} 20. Nxc6
{[%clk 0:30:19]} Rf8 {[%clk 0:07:23]} 21. Kg2 {[%clk 0:29:08]} a5 {[%clk
0:07:48]} 22. a4 {[%clk 0:29:03]} Rac8 {[%clk 0:08:04]} 23. Rc1 {[%clk 0:23:45]}
Rfe8 {[%clk 0:06:50]} 24. Rce1 {[%clk 0:22:33]} Rf8 {[%clk 0:07:05]} 25. Qe4
{[%clk 0:22:59]} Kh8 {[%clk 0:06:39]} 26. h4 {[%clk 0:23:07]} Kg8 {[%clk
0:06:03]} 27. h5 {[%clk 0:22:40]} Rfe8 {[%clk 0:05:55]} 28. Qc2 {[%clk 0:15:34]}
Rf8 {[%clk 0:06:14]} 29. b3 {[%clk 0:15:06]} Kh8 {[%clk 0:06:29]} 30. Qd3 {[%clk
0:14:16]} Kg8 {[%clk 0:05:04]} 31. R1e2 {[%clk 0:09:58]} Kh8 {[%clk 0:04:27]} 32.
Qb5 {[%clk 0:09:39]} Kg8 {[%clk 0:04:32]} 33. Qd3 {[%clk 0:08:58]} Kh8 {[%clk
0:04:52]} 34. Rf3 {[%clk 0:09:22]} Kg8 {[%clk 0:01:54]} 35. Qe4 {[%clk 0:05:48]}
Rce8 {[%clk 0:01:45]} 36. Rfe3 {[%clk 0:03:53]} Kh8 {[%clk 0:01:48]} 37. Re1
{[%clk 0:04:04]} Kg8 {[%clk 0:02:07]} 38. Rh1 {[%clk 0:04:23]} Kh8 {[%clk
0:02:15]} 39. Kf3 {[%clk 0:03:30]} Kg8 {[%clk 0:02:18]} 40. Kg2 {[%clk 0:33:37]}
Kh8 {[%clk 0:32:39]} 41. Rc1 {[%clk 0:31:25]} Kg8 {[%clk 0:31:14]} 42. Rce1
{[%clk 0:30:55]} Kh8 {[%clk 0:30:54]} 43. Qd3 {[%clk 0:28:48]} Rc8 {[%clk
0:29:22]} 44. R3e2 {[%clk 0:27:59]} Kg8 {[%clk 0:24:33]} 45. Rc1 {[%clk 0:23:42]}
Rce8 {[%clk 0:23:48]} 46. Qe4 {[%clk 0:22:18]} Kh8 {[%clk 0:18:20]} 47. Rc4
{[%clk 0:19:20]} Kg8 {[%clk 0:14:41]} 48. Rcc2 {[%clk 0:19:44]} Kh8 {[%clk
0:14:44]} 49. Rc4 {[%clk 0:17:54]} Kg8 {[%clk 0:15:00]} 50. Ne5 {[%clk 0:14:30]}
Rd8 {[%clk 0:14:44]} 51. Ng4 {[%clk 0:11:28]} Qe7 {[%clk 0:12:43]} 52. Ne5 {[%clk
0:07:15]} Bxe5 {[%clk 0:06:55]} 53. Qxe5 {[%clk 0:07:25]} Qa3 {[%clk 0:03:47]}
54. Re3 {[%clk 0:05:38]} Rd7 {[%clk 0:03:13]} 55. Rxc7 {[%clk 0:04:14]} Rd5
{[%clk 0:04:17]} 56. Qe4 {[%clk 0:04:34]} Rfd8 {[%clk 0:03:45]} 57. Rec3 {[%clk
0:04:06]} Rxd4 {[%clk 0:03:07]} 58. Qb7 {[%clk 0:04:28]} Rd2 {[%clk 0:01:05]} 59.
Rxf7 {[%clk 0:03:43]} Rxf2+ {[%clk 0:01:30]} 60. Kh3 {[%clk 0:04:11]} Rh2+ {[%clk
0:01:31]} 61. Kg4 {[%clk 0:04:22]} Kh8 {[%clk 0:01:23]} 62. Rc8 {[%clk 0:01:46]}
Rd2 {[%clk 0:01:01]} 63. Rxd8+ {[%clk 0:01:41]} Rxd8 {[%clk 0:01:30]} 64. Rxg7
{[%clk 0:01:50]} Qf8 {[%clk 0:01:06]} 65. Rf7 {[%clk 0:01:34]} Qg8+ {[%clk
0:01:30]} 66. Kf3 {[%clk 0:01:11]} Rd3+ {[%clk 0:01:25]} 67. Ke4 {[%clk 0:01:13]}
Rxg3 {[%clk 0:00:41]} 68. Rc7 {[%clk 0:01:28]} Re3+ {[%clk 0:00:35]} 69. Kxe3
{[%clk 0:01:54]} Qg1+ {[%clk 0:00:59]} 70. Ke4 {[%clk 0:02:00]} Qe1+ {[%clk
0:01:15]} 71. Kd4 {[%clk 0:02:22]} e5+ {[%clk 0:00:54]} 72. Kd5 {[%clk 0:02:03]}
Qd1+ {[%clk 0:00:56]} 73. Kc6 {[%clk 0:00:59]} Qc2+ {[%clk 0:00:50]} 74. Kxb6
{[%clk 0:01:25]} Qxb3+ {[%clk 0:01:10]} 75. Ka7 {[%clk 0:01:52]} Qe3+ {[%clk
0:01:16]} 76. Ka8 {[%clk 0:02:18]} 1-0

[Event "U20 Polish Youth Championship"]
[Site "Ustron"]
[Date "2019.11.30"]
[Round "9"]
[White "Koziol, Kamil"]
[Black "Chylewski, Patryk"]
[Result "1/2-1/2"]
[Board "5"]
[WhiteElo "2289"]
[WhiteTitle "FM"]
[WhiteCountry "POL"]
[WhiteFideId "1161555"]
[WhiteEloChange "2"]
[BlackElo "2348"]
[BlackTitle "FM"]
[BlackCountry "POL"]
[BlackFideId "1186191"]
[BlackEloChange "-2"]

1. e4 {[%clk 1:26:24]} c5 {[%clk 1:30:56]} 2. Nf3 {[%clk 1:26:35]} d6 {[%clk
1:31:21]} 3. Bb5+ {[%clk 1:26:01]} Bd7 {[%clk 1:31:45]} 4. a4 {[%clk 1:25:59]}
Nf6 {[%clk 1:29:30]} 5. d3 {[%clk 1:18:20]} e6 {[%clk 1:26:48]} 6. O-O {[%clk
1:16:35]} Be7 {[%clk 1:27:04]} 7. Re1 {[%clk 1:13:37]} Nc6 {[%clk 1:23:49]} 8. e5
{[%clk 1:06:44]} Nxe5 {[%clk 1:22:57]} 9. Nxe5 {[%clk 1:06:30]} dxe5 {[%clk
1:23:21]} 10. Rxe5 {[%clk 1:06:14]} O-O {[%clk 1:22:46]} 11. Nc3 {[%clk 0:59:55]}
Rc8 {[%clk 1:21:01]} 12. Qf3 {[%clk 0:57:15]} a6 {[%clk 1:20:25]} 13. Bxd7 {[%clk
0:56:36]} Nxd7 {[%clk 1:15:41]} 14. Re2 {[%clk 0:54:03]} Qc7 {[%clk 1:10:34]} 15.
Bf4 {[%clk 0:46:31]} Bd6 {[%clk 1:00:39]} 16. Bxd6 {[%clk 0:39:23]} Qxd6 {[%clk
1:00:22]} 17. Qxb7 {[%clk 0:21:57]} Rb8 {[%clk 0:59:36]} 18. Ne4 {[%clk 0:21:00]}
Rxb7 {[%clk 0:57:48]} 19. Nxd6 {[%clk 0:21:01]} Rxb2 {[%clk 0:58:05]} 20. Nc4
{[%clk 0:21:05]} Rb4 {[%clk 0:56:43]} 21. Ree1 {[%clk 0:19:26]} Rfb8 {[%clk
0:40:33]} 22. Na5 {[%clk 0:14:54]} Rc8 {[%clk 0:31:40]} 23. Reb1 {[%clk 0:10:47]}
Rcb8 {[%clk 0:29:56]} 24. Re1 {[%clk 0:11:14]} Rc8 {[%clk 0:30:19]} 25. Reb1
{[%clk 0:11:38]} Rcb8 {[%clk 0:30:45]} 26. Re1 {[%clk 0:11:54]} Rc8 {[%clk
0:31:10]} 27. Reb1 {[%clk 0:12:19]} Rcb8 {[%clk 0:31:36]} 28. Re1 {[%clk
0:12:39]} Rc8 {[%clk 0:32:02]} 29. Reb1 {[%clk 0:13:03]} Rcb8 {[%clk 0:32:28]}
30. Re1 {[%clk 0:13:27]} Rc8 {[%clk 0:32:55]} 1/2-1/2

[Event "U20 Polish Youth Championship"]
[Site "Ustron"]
[Date "2019.11.30"]
[Round "9"]
[White "Kowalski, Igor"]
[Black "Walter, Szymon"]
[Result "1-0"]
[Board "6"]
[WhiteElo "2346"]
[WhiteTitle "FM"]
[WhiteCountry "POL"]
[WhiteFideId "1172468"]
[WhiteEloChange "9"]
[BlackElo "2304"]
[BlackTitle "FM"]
[BlackCountry "POL"]
[BlackFideId "1172590"]
[BlackEloChange "-9"]

1. d4 {[%clk 1:30:59]} Nf6 {[%clk 1:26:00]} 2. c4 {[%clk 1:31:25]} e6 {[%clk
1:26:17]} 3. Nf3 {[%clk 1:31:51]} b6 {[%clk 1:26:12]} 4. g3 {[%clk 1:32:01]} Bb7
{[%clk 1:26:21]} 5. Bg2 {[%clk 1:32:26]} Be7 {[%clk 1:26:26]} 6. O-O {[%clk
1:32:49]} O-O {[%clk 1:26:31]} 7. Re1 {[%clk 1:33:14]} d5 {[%clk 1:25:07]} 8.
cxd5 {[%clk 1:32:23]} exd5 {[%clk 1:25:09]} 9. Nc3 {[%clk 1:32:46]} Nbd7 {[%clk
1:23:10]} 10. Bf4 {[%clk 1:32:21]} c5 {[%clk 1:19:26]} 11. dxc5 {[%clk 1:32:04]}
Nxc5 {[%clk 1:19:08]} 12. Nd4 {[%clk 1:32:03]} Nfe4 {[%clk 1:14:07]} 13. Nxe4
{[%clk 1:29:04]} Nxe4 {[%clk 1:14:01]} 14. Qb3 {[%clk 1:28:55]} Bc5 {[%clk
1:06:11]} 15. Rad1 {[%clk 1:27:26]} Qf6 {[%clk 1:06:01]} 16. Be3 {[%clk 1:27:44]}
Rfd8 {[%clk 0:59:26]} 17. Bxe4 {[%clk 1:25:37]} dxe4 {[%clk 0:58:12]} 18. Nc2
{[%clk 1:26:05]} Bxe3 {[%clk 0:53:06]} 19. Nxe3 {[%clk 1:26:14]} h5 {[%clk
0:51:24]} 20. h4 {[%clk 1:17:35]} Qe5 {[%clk 0:50:13]} 21. Kg2 {[%clk 1:17:10]}
g6 {[%clk 0:49:02]} 22. Qb4 {[%clk 1:16:59]} Qe6 {[%clk 0:47:52]} 23. a3 {[%clk
1:15:42]} Rac8 {[%clk 0:45:23]} 24. Rd4 {[%clk 1:15:25]} Ba6 {[%clk 0:35:03]} 25.
Qd2 {[%clk 1:05:40]} Rxd4 {[%clk 0:35:02]} 26. Qxd4 {[%clk 1:06:05]} Bc4 {[%clk
0:22:45]} 27. b4 {[%clk 1:01:24]} Kh7 {[%clk 0:19:29]} 28. Kh2 {[%clk 1:00:34]}
Rc6 {[%clk 0:18:29]} 29. Qd8 {[%clk 0:59:18]} Kg7 {[%clk 0:17:04]} 30. Kg2 {[%clk
0:56:47]} a6 {[%clk 0:15:42]} 31. Qd2 {[%clk 0:57:04]} Qf6 {[%clk 0:15:10]} 32.
Qc2 {[%clk 0:52:30]} Bb5 {[%clk 0:05:19]} 33. Qxe4 {[%clk 0:49:45]} Re6 {[%clk
0:05:12]} 34. Qc2 {[%clk 0:49:11]} Bc6+ {[%clk 0:04:35]} 35. Kg1 {[%clk 0:49:09]}
Be4 {[%clk 0:02:39]} 36. Qc4 {[%clk 0:43:18]} Qe5 {[%clk 0:01:36]} 37. Rd1 {[%clk
0:41:50]} Rc6 {[%clk 0:01:40]} 38. Qxa6 {[%clk 0:41:26]} g5 {[%clk 0:01:46]} 39.
b5 {[%clk 0:12:37]} Rf6 {[%clk 0:00:35]} 40. hxg5 {[%clk 0:42:15]} Qxg5 {[%clk
0:30:47]} 41. Qa4 {[%clk 0:42:34]} Qg6 {[%clk 0:30:07]} 42. Rd4 {[%clk 0:41:04]}
Re6 {[%clk 0:30:25]} 43. Rd8 {[%clk 0:40:32]} h4 {[%clk 0:25:24]} 44. Qd4+ {[%clk
0:40:31]} Rf6 {[%clk 0:25:49]} 45. Rd6 {[%clk 0:39:31]} hxg3 {[%clk 0:26:01]} 46.
f3 {[%clk 0:39:35]} 1-0

[Event "U20 Polish Youth Championship"]
[Site "Ustron"]
[Date "2019.11.30"]
[Round "9"]
[White "Kokoszczynski, Jan"]
[Black "Niedbala, Bartlomiej"]
[Result "1/2-1/2"]
[Board "7"]
[WhiteElo "2264"]
[WhiteCountry "POL"]
[WhiteFideId "1174460"]
[WhiteEloChange "-1"]
[BlackElo "2239"]
[BlackCountry "POL"]
[BlackFideId "21834008"]
[BlackEloChange "1"]

1. e4 {[%clk 1:30:55]} g6 {[%clk 1:30:32]} 2. d4 {[%clk 1:30:53]} Bg7 {[%clk
1:30:57]} 3. Nc3 {[%clk 1:30:15]} d6 {[%clk 1:30:09]} 4. Be3 {[%clk 1:29:44]} a6
{[%clk 1:30:12]} 5. a4 {[%clk 1:29:30]} Nf6 {[%clk 1:23:36]} 6. h3 {[%clk
1:29:25]} O-O {[%clk 1:22:44]} 7. Nge2 {[%clk 1:20:26]} e5 {[%clk 1:17:39]} 8. d5
{[%clk 1:14:56]} c6 {[%clk 1:15:55]} 9. g4 {[%clk 1:12:33]} cxd5 {[%clk 1:13:54]}
10. Nxd5 {[%clk 1:07:04]} Nxd5 {[%clk 1:07:18]} 11. Qxd5 {[%clk 1:05:46]} Nc6
{[%clk 0:57:42]} 12. Bg2 {[%clk 1:01:53]} Be6 {[%clk 0:49:37]} 13. Qd2 {[%clk
1:02:00]} Bc4 {[%clk 0:46:14]} 14. Rd1 {[%clk 0:52:42]} Bxe2 {[%clk 0:41:17]} 15.
Qxe2 {[%clk 0:52:04]} Qa5+ {[%clk 0:39:00]} 16. c3 {[%clk 0:51:33]} Qxa4 {[%clk
0:37:20]} 17. Rxd6 {[%clk 0:49:40]} Rfd8 {[%clk 0:36:41]} 18. Rxd8+ {[%clk
0:48:55]} Rxd8 {[%clk 0:36:57]} 19. O-O {[%clk 0:49:19]} Rd7 {[%clk 0:34:44]} 20.
Bf3 {[%clk 0:46:57]} Qb3 {[%clk 0:30:51]} 21. Bc1 {[%clk 0:44:02]} Nd8 {[%clk
0:26:08]} 22. Rd1 {[%clk 0:43:23]} Qxd1+ {[%clk 0:25:48]} 23. Qxd1 {[%clk
0:43:48]} Rxd1+ {[%clk 0:26:16]} 24. Bxd1 {[%clk 0:44:10]} Ne6 {[%clk 0:26:37]}
25. Be3 {[%clk 0:39:33]} Bf8 {[%clk 0:23:37]} 26. Bb3 {[%clk 0:22:01]} Nf4 {[%clk
0:23:18]} 27. Bxf4 {[%clk 0:19:46]} exf4 {[%clk 0:23:43]} 28. Bd5 {[%clk
0:19:48]} b6 {[%clk 0:23:56]} 29. Kg2 {[%clk 0:18:06]} a5 {[%clk 0:24:08]} 30.
Kf3 {[%clk 0:17:26]} Bd6 {[%clk 0:24:36]} 1/2-1/2

[Event "U20 Polish Youth Championship"]
[Site "Ustron"]
[Date "2019.11.30"]
[Round "9"]
[White "Jankowiak, Tomasz"]
[Black "Janik, Igor"]
[Result "0-1"]
[Board "8"]
[WhiteElo "2111"]
[WhiteCountry "POL"]
[WhiteFideId "1185357"]
[WhiteEloChange "-2"]
[BlackElo "2466"]
[BlackTitle "IM"]
[BlackCountry "POL"]
[BlackFideId "1159259"]
[BlackEloChange "1"]

1. e4 {[%clk 1:30:56]} c5 {[%clk 1:30:56]} 2. Nf3 {[%clk 1:31:21]} Nc6 {[%clk
1:31:22]} 3. d4 {[%clk 1:31:44]} cxd4 {[%clk 1:31:48]} 4. Nxd4 {[%clk 1:32:10]}
g6 {[%clk 1:32:11]} 5. c4 {[%clk 1:32:37]} Bg7 {[%clk 1:32:34]} 6. Be3 {[%clk
1:32:43]} Nf6 {[%clk 1:32:54]} 7. Nc3 {[%clk 1:33:06]} O-O {[%clk 1:33:17]} 8.
Be2 {[%clk 1:29:07]} d6 {[%clk 1:33:12]} 9. f3 {[%clk 1:28:25]} Nxd4 {[%clk
1:33:15]} 10. Bxd4 {[%clk 1:28:39]} Be6 {[%clk 1:33:43]} 11. O-O {[%clk 1:27:34]}
Rc8 {[%clk 1:33:05]} 12. b3 {[%clk 1:27:47]} Qa5 {[%clk 1:33:24]} 13. Rc1 {[%clk
1:17:41]} Nd7 {[%clk 1:33:35]} 14. f4 {[%clk 1:15:05]} Bxd4+ {[%clk 1:24:51]} 15.
Qxd4 {[%clk 1:15:07]} Qc5 {[%clk 1:23:04]} 16. Qxc5 {[%clk 1:02:35]} Rxc5 {[%clk
1:21:23]} 17. Kf2 {[%clk 0:59:36]} a6 {[%clk 1:19:27]} 18. Ke3 {[%clk 0:57:47]}
f6 {[%clk 1:17:35]} 19. Nd5 {[%clk 0:43:23]} Kf7 {[%clk 1:14:29]} 20. h3 {[%clk
0:31:54]} Rfc8 {[%clk 1:05:47]} 21. Kd2 {[%clk 0:29:51]} Bxd5 {[%clk 0:54:13]}
22. exd5 {[%clk 0:16:23]} a5 {[%clk 0:54:11]} 23. Rc3 {[%clk 0:13:07]} b5 {[%clk
0:54:12]} 24. Rfc1 {[%clk 0:11:08]} bxc4 {[%clk 0:50:14]} 25. Bxc4 {[%clk
0:08:42]} Nb6 {[%clk 0:49:41]} 26. Ke3 {[%clk 0:09:00]} Rxd5 {[%clk 0:41:21]} 27.
Bxd5+ {[%clk 0:01:25]} Nxd5+ {[%clk 0:41:11]} 28. Kd4 {[%clk 0:01:50]} Nxc3
{[%clk 0:41:32]} 29. Rxc3 {[%clk 0:02:17]} e5+ {[%clk 0:41:56]} 30. Kd3 {[%clk
0:00:43]} e4+ {[%clk 0:41:26]} 31. Kd4 {[%clk 0:01:04]} Rxc3 {[%clk 0:41:53]} 32.
Kxc3 {[%clk 0:01:29]} Ke6 {[%clk 0:42:17]} 33. b4 {[%clk 0:01:05]} axb4+ {[%clk
0:42:35]} 34. Kxb4 {[%clk 0:01:30]} e3 {[%clk 0:42:36]} 35. Kc3 {[%clk 0:01:56]}
d5 {[%clk 0:43:03]} 36. Kd3 {[%clk 0:02:05]} d4 {[%clk 0:43:29]} 0-1